Lógica y sociedad : contradicciones y mundos posibles /

محفوظ في:
التفاصيل البيبلوغرافية
المؤلف الرئيسي: Elster, Jon (autor)
التنسيق: كتاب
اللغة:الإسبانية
منشور في: Barcelona, España : Gedisa, 1994, c1994
سلاسل:(Cla-De-Ma. Hombre y Sociedad)
الموضوعات:
الوسوم: إضافة وسم
لا توجد وسوم, كن أول من يضع وسما على هذه التسجيلة!

MARC

LEADER 00000nam^a2200000^a^4500
001 000182948
005 20250521000000.0
009 20260310102024.352
020 |a 84-7432-465-3 
037 |a Acervo ITESO - Biblioteca 
041 |a ESP 
082 |a 300. 1  |b ELS 
100 |a Elster, Jon  |e (autor) 
245 1 0 |a Lógica y sociedad :  |b contradicciones y mundos posibles /  |c J. Elster ; tr. por Margarita N. Mizraji. 
264 4 |a Barcelona, España :  |b Gedisa,  |c 1994, c1994 
300 |a 286 p. 
336 |a texto  |b txt  |2 rdacontenido 
337 |a sin mediación  |b n  |2 rdamedio 
338 |a volumen  |b nc  |2 rdasoporte 
440 1 |a (Cla-De-Ma.  |p Hombre y Sociedad) 
500 |a Traducción de: Logic and Society. Contradictions and Possible Worlds 
649 |a XX 
650 |a Paradojas 
650 |a Razonamiento Lógico 
650 |a Lógica 
650 |a Cambios Sociales y Culturales 
650 |a Economía 
650 |a Política 
650 |a Ciencias Sociales -  |x Metodología 
910 |a Fondo General 
920 |a Impresos - Libros 
930 |a Colección General 
905 |a 101 
901 |a 0500122973  |b IT1  |c ACC  |u 20250521 
902 |a https://opac.biblio.iteso.mx/vufind/Record/000182948